000 06108cam a2201273 i 4500
001 in00024498520
003 OSt
005 20260324170955.0
008 221023s2023 caua d 6 000 0aeng d
010 _a 2026218464
020 _a1427873453
_q(paperback)
020 _a9781427873453
_q(paperback)
035 _a(OCoLC)1348478551
040 _aYDX
_beng
_erda
_cYDX
_dBDX
_dHQD
_dWIM
_dOCLCF
_dMDB
_dIAD
_dOCLCO
_dXMA
_dOCLCO
_dOCLCL
_dMNN
_dUPM
_dMHD
_dOCLCQ
_dOCLCO
_dHMS
_dOCLCO
_dIG#
_dOCLCA
_dUIU
_dOCLCO
_dMYG
_dATVMO
_dOCLCL
_dDLC
041 1 _aeng
_hjpn
042 _alccopycat
043 _aa-ja---
050 0 0 _aComic Book 24150
060 4 _aWM 17
_bA861a 2023
082 0 4 _a306.768/092
_223
082 0 4 _a741.5/092
_223
100 1 _aArai, Shō,
_d1971-
_eauthor,
_eartist.
_1https://id.oclc.org/worldcat/entity/E39PBJtcH3XtgJTFDdxM6MMwYP
240 1 0 _aSanjissai de seibetsu ga nai to hanmei shita ore ga arafifu ni natte wakatta koto.
_lEnglish
245 1 0 _aAt 30 I realized I had no gender :
_blife lessons from a 50-year-old after two decades of self-discovery /
_ca manga memoir by Shou Arai ; translator, Massiel Gutierrez ; retouching and lettering, Vibraant Publishing Studio.
246 3 _aAt thirty I realized I had no gender :
_blife lessons from a fifty-year-old after 2 decades of self-discovery
264 1 _aMarina Del Rey, CA :
_bTokyoPop Inc.,
_c[2023]
264 4 _c©2023
300 _a164 pages :
_bchiefly illustrations (black & white) ;
_c21 cm
336 _atext
_btxt
_2rdacontent
336 _astill image
_bsti
_2rdacontent
337 _aunmediated
_bn
_2rdamedia
338 _avolume
_bnc
_2rdacarrier
380 _aComic or graphic novel
500 _aTo be read back to front, right to left.
505 0 _aIntroduction: how does an intersex person nearing fifty live their life? -- On aging -- Special interview -- Living with a partner.
520 _a"At age 30, Shou Arai came to a realization; he had no gender. Now he was faced with a question he'd never really considered: how to age in a society where everything is so strongly segregated between two genders? This autobiographical manga explores Japanese culture surrounding gender, transgender issues, and the day to day obstacles faced by gender minorities and members of the LGBTQIA+ community with a lighthearted, comedic attitude."--page [4] of cover.
521 8 _aTeen, age 13+
546 _aIn English, translated from the Japanese.
600 1 0 _aArai, Shō,
_d1971-
_vComic books, strips, etc.
600 1 2 _aArai, Shō,
_d1971-
650 0 _aCartoonists
_zJapan
_vBiography
_vComic books, strips, etc.
650 0 _aGender-nonconforming people
_zJapan
_vBiography
_vComic books, strips, etc.
650 0 _aIntersex people
_zJapan
_vBiography
_vComic books, strips, etc.
650 0 _aTransgender people
_zJapan
_vBiography
_vComic books, strips, etc.
650 0 _aGender nonconformity
_vComic books, strips, etc.
650 0 _aGender identity
_xSocial aspects
_zJapan
_vComic books, strips, etc.
650 0 _aComic books, strips, etc.
_zJapan
_vTranslations into English.
650 0 _aGender identity.
650 1 2 _aGender Identity
650 1 2 _aTransgender Persons
650 1 2 _aGender-Nonconforming Persons
650 1 2 _aIntersex Persons
650 4 _aManga - LGBTQ+.
650 6 _aTransgenrisme
_vBandes dessinées.
650 6 _aIdentité de genre
_xAspect social
_zJapon
_vBandes dessinées.
650 6 _aIntersexués
_zJapon
_vBiographies
_vBandes dessinées.
650 6 _aTransgenres
_zJapon
_vBiographies
_vBandes dessinées.
650 6 _aIdentité de genre.
650 7 _aCartoonists
_2fast
650 7 _aComic books, strips, etc.
_2fast
650 7 _aGender identity
_xSocial aspects
_2fast
650 7 _aGender-nonconforming people
_2fast
650 7 _aGender nonconformity
_2fast
650 7 _aLGBTQ+ people
_2homoit
_0https://homosaurus.org/v3/homoit0000915
650 7 _aGender non-conforming identity
_2homoit
_0https://homosaurus.org/v3/homoit0001922
650 7 _aIntersex people
_2homoit
_0https://homosaurus.org/v3/homoit0000618
651 2 _aJapan
651 7 _aJapan
_2fast
_1https://id.oclc.org/worldcat/entity/E39PBJkT7GyCmyjxytDfqk6Yfq
655 2 _aGraphic Novel
655 2 _aAutobiography
655 7 _amanga (comic books)
_2aat
655 7 _agraphic novels.
_2aat
655 7 _aAutobiographical comics
_2fast
655 7 _aComics (Graphic works)
_2fast
655 7 _aGraphic novels
_2fast
655 7 _aManga
_2fast
655 7 _aNonfiction comics
_2fast
655 7 _aTranslations
_2fast
655 7 _aLGBTQ+ comics
_2homoit
_0https://homosaurus.org/v3/homoit0000841
655 7 _aLGBTQ+ manga
_2homoit
_0https://homosaurus.org/v3/homoit0000897
655 7 _aNon-binary comics
_2homoit
_0https://homosaurus.org/v3/homoit0002575
655 7 _aIntersex autobiographies
_2homoit
_0https://homosaurus.org/v3/homoit0002778
655 7 _aIntersex comics
_2homoit
_0https://homosaurus.org/v3/homoit0002402
655 7 _aAutobiographical comics.
_2lcgft
655 7 _aNonfiction comics.
_2lcgft
655 7 _aGraphic novels.
_2lcgft
655 7 _aComics (Graphic works)
_2lcgft
655 7 _aManga.
_2lcgft
655 7 _aQueer comics.
_2lcgft
655 7 _aTransgender comics.
_2lcgft
655 7 _aIntersex comics.
_2lcgft
655 7 _aGenderqueer comics.
_2lcgft
655 7 _aAutobiographies.
_2lcgft
655 7 _aBandes dessinées autobiographiques.
_2rvmgf
655 7 _aBandes dessinées autres que de fiction.
_2rvmgf
655 7 _aBandes dessinées.
_2rvmgf
655 7 _aMangas.
_2rvmgf
655 7 _aBandes dessinées queers.
_2rvmgf
655 7 _aBandes dessinées de transgenres.
_2rvmgf
655 7 _aBandes dessinées de personnes non binaires.
_2rvmgf
655 7 _aRomans graphiques.
_2rvmgf
655 7 _aAutobiographies.
_2rvmgf
700 1 _aGutierrez, Massiel.
_etranslator.
710 2 _aVibraant Publishing Studio,
_eartist,
_eletterer.
830 0 _aLGBTIQA+ Collection.
906 _a0
_bibc
_ccopycat
_d2
_encip
_f20
_gy-gencatlg
942 _2ddc
_cMGA
_n0
999 _c1544
_d1544